Corporate governance in Israel 2011

Na minha lista:
Detalhes bibliográficos
Formato: Livro
Idioma:inglês
Publicado em: Paris OECD 2011
Colecção:Corporate governance
Assuntos:
Tags: Adicionar Tag
Sem tags, seja o primeiro a adicionar uma tag!

MARC

LEADER 00000nam a2200000 4500
001 0142408
005 20240315120501.7
020 |a 978-92-64-09750-6 
041 0 |a eng 
044 |a FR 
245 1 0 |a Corporate governance in Israel 2011 
264 1 |a Paris  |b OECD  |c 2011 
300 |a 84 s. 
490 1 |a Corporate governance 
830 0 |a Corporate governance 
610 2 0 |a správa podniku 
610 2 0 |a správa spoločnosti 
610 2 0 |a kontrola riadenia 
610 2 0 |a riadenie podnikové 
610 2 0 |a vzťah politiky a ekonomiky 
610 2 0 |a integrácia ekonomická medzinárodná 
610 2 0 |a Izrael